000 00555nam a2200217Ia 4500
005 20241129120327.0
008 241129s9999||||xx |||||||||||||| ||und||
020 _a9789387462434
037 _aTB
040 _aSDCL
_beng
_cSDCL
041 _ahin
_2hin
084 _aV2'P Q8
_qSDCL
100 _aBhusan Ravi
_9729641
245 0 _aVaykalpik Bharat Ki Talash
260 _aNew Delhi
_bRajkamal Prakashan India
_c2018
300 _a247p
365 _aINR
_b695
650 _aHindi
942 _cTB
_hV2'P Q8
999 _c1234354
_d1234354